Continuous Images of Arcs and Inverse Limit Methods
Αποθηκεύτηκε σε:
| Κύριος συγγραφέας: | |
|---|---|
| Άλλοι συγγραφείς: | , |
| Μορφή: | Βιβλίο |
| Γλώσσα: | English |
| Δημοσίευση: |
Providence, R.I. :
American Mathematical Society,
1993
|
| Σειρά: | Memoirs of the American Mathematical Society ;
; 498 |
| Θέματα: | |
| Ετικέτες: |
Προσθήκη ετικέτας
Δεν υπάρχουν, Καταχωρήστε ετικέτα πρώτοι!
|
MARC
| LEADER | 00000nam a2200000 i 4500 | ||
|---|---|---|---|
| 001 | 1/41238 | ||
| 008 | 950222s1993 eng d | ||
| 020 | |a 0-8218-2561-5 | ||
| 035 | |1 ΕΛΗ |a 1995 |b 2410 |c ΧΑΡΑΛΑΜΠΟΥΣ |l 10041453 | ||
| 035 | |a 1994 |c ΧΑΡΑΛΑΜΠΟΥΣ | ||
| 040 | |a GR-MY-UA |b gre |e aacr | ||
| 041 | 0 | |a eng | |
| 082 | 0 | |a 514.32 | |
| 100 | 1 | |a Nikiel, Jacek |d 1958- | |
| 245 | 1 | 0 | |a Continuous Images of Arcs and Inverse Limit Methods / |c J. Nikiel, H.M. Tuncali, E.D. Tymchatyn |
| 260 | |a Providence, R.I. : |b American Mathematical Society, |c 1993 | ||
| 300 | |a vi, 80 p.; |c 26 cm. | ||
| 490 | 1 | |a Memoirs of the American Mathematical Society |v ; 498 | |
| 500 | |a Includes bibliographical references | ||
| 650 | 0 | 0 | |a Ordered topological spaces. |
| 650 | 0 | 0 | |a Continuum (Mathematics) |
| 650 | 0 | 0 | |a Mappings (Mathematics) |
| 700 | 1 | |a Tuncali, H. M. |d 1959- | |
| 700 | 1 | |a Tymchatyn, E. D. | |
| 830 | 0 | |a Memoirs of the American Mathematical Society ; |v ; 498 | |
| 852 | |a INST |b SAMOS |e 19950222 |h 514.32 NIK |p 005300006290 |q 005300006290 |t BK |y 0 | ||
| 852 | |a INST |b SAMOS |e 19971204 |h 514.32 NIK |p 005300012031 |q 005300012031 |t BK |y 0 | ||
| 909 | |a Σ |b 038076 | ||
| 909 | |a Σ |b 051572 | ||